Fr. Conceicao Rodrigues College of Engineering

Probability theory with stochastic Processes (Record no. 25195)

MARC details
000 -LEADER
fixed length control field 00336nam a2200133Ia 4500
082 ## - DEWEY DECIMAL CLASSIFICATION NUMBER
Classification number 519.2
Item number cho
100 ## - MAIN ENTRY--PERSONAL NAME
Personal name Chung/ Kai Lai
245 ## - TITLE STATEMENT
Title Probability theory with stochastic Processes
260 ## - PUBLICATION, DISTRIBUTION, ETC.
Name of publisher, distributor, etc. Narosa Pub House
Place of publication, distribution, etc. New Delhi
Date of publication, distribution, etc. 1991
546 ## - LANGUAGE NOTE
Language note ENGLISH
654 ## - SUBJECT ADDED ENTRY--FACETED TOPICAL TERMS
Focus term Probability stochastic Processess
942 ## - ADDED ENTRY ELEMENTS (KOHA)
Koha item type BOOK
Holdings
Withdrawn status Lost status Damaged status Not for loan Collection Home library Current library Date acquired Source of acquisition Cost, normal purchase price Inventory number Total Checkouts Full call number Barcode Date last seen Cost, replacement price Price effective from Koha item type
        CRC Fr. Agnel's C.Rodrigues College of Engineering Fr. Agnel's C.Rodrigues College of Engineering 17/03/2023 Narosa books 82.00 8669 dt 30.11.93   519.2 cho 4972 17/03/2023 82.00 30/11/1993 BOOK